[Event "448. Wednesday (05.08.2020)"]
[Site "Official B"]
[Date "2020.08.05"]
[Round "3"]
[White "SyWolf777"]
[Black "Duckduck"]
[Result "0-1"]
[WhiteElo "1660"]
[BlackElo "1394"]
[Annotator "NA RC"]
[PlyCount "94"]
[EventDate "2020.08.05"]
[EventType "swiss (blitz)"]

1. e4 {[%emt 0:00:02]} e6 {[%emt 0:00:00]} 2. d4 {[%emt 0:00:02]} d6 {[%emt 0:00:00]} 3. Nc3 {[%emt 0:00:01]} b6 {[%emt 0:00:00]} 4. Nf3 {[%emt 0:00:01]} Bb7 {[%emt 0:00:00]} 5. Bd3 {[%emt 0:00:01]} Be7 {[%emt 0:00:00]} 6. Be3 {[%emt 0:00:01]} Nf6 {[%emt 0:00:00]} 7. h3 {[%emt 0:00:02]} O-O {[%emt 0:00:02]} 8. O-O {[%emt 0:00:02]} c5 {[%emt 0:00:00]} 9. e5 {[%emt 0:00:14]} dxe5 {[%emt 0:00:05]} 10. dxe5 {[%emt 0:00:02]} Ne8 {[%emt 0:00:04]} 11. Qe2 {[%emt 0:00:12]} Nc6 {[%emt 0:00:02]} 12. Rad1 {[%emt 0:00:07]} Qc8 {[%emt 0:00:03]} 13. Ng5 {[%emt 0:00:21]} g6 {[%emt 0:00:06]} 14. Nce4 {[%emt 0:00:18]} Nxe5 {[%emt 0:00:14]} 15. Ng3 {[%emt 0:00:18]} Nxd3 {[%emt 0:00:04]} 16. Rxd3 {[%emt 0:00:02]} Qc6 {[%emt 0:00:06]} 17. f3 {[%emt 0:00:07]} Nf6 {[%emt 0:00:06]} 18. N5e4 {[%emt 0:00:04]} Nd5 {[%emt 0:00:08]} 19. Bh6 {[%emt 0:00:08]} Rfd8 {[%emt 0:00:03]} 20. c4 {[%emt 0:00:09]} Nf6 {[%emt 0:00:09]} 21. Rfd1 {[%emt 0:00:03]} Rxd3 {[%emt 0:00:03]} 22. Rxd3 {[%emt 0:00:02]} Nxe4 {[%emt 0:00:00]} 23. Nxe4 {[%emt 0:00:02]} Qc7 {[%emt 0:00:12]} 24. Nc3 {[%emt 0:00:14]} Rd8 {[%emt 0:00:03]} 25. Nb5 {[%emt 0:00:07]} Qg3 {[%emt 0:00:19]} 26. Rxd8+ {[%emt 0:00:18]} Bxd8 {[%emt 0:00:02]} 27. Nc3 {[%emt 0:00:16]} Bf6 {[%emt 0:00:14]} 28. Ne4 {[%emt 0:00:05]} Bd4+ {[%emt 0:00:04]} 29. Be3 {[%emt 0:00:21]} Bxe4 {[%emt 0:00:06]} 30. Bxd4 {[%emt 0:00:11]} cxd4 {[%emt 0:00:09]} 31. Qxe4 {[%emt 0:00:03]} e5 {[%emt 0:00:01]} 32. b4 {[%emt 0:00:07]} Kg7 {[%emt 0:00:04]} 33. c5 {[%emt 0:00:02]} bxc5 {[%emt 0:00:03]} 34. bxc5 {[%emt 0:00:01]} Qg5 {[%emt 0:00:24]} 35. c6 {[%emt 0:00:03]} Qe7 {[%emt 0:00:09]} 36. f4 {[%emt 0:00:11]} f6 {[%emt 0:00:08]} 37. Kf2 {[%emt 0:00:08]} Qd6 {[%emt 0:00:06]} 38. fxe5 {[%emt 0:00:03]} fxe5 {[%emt 0:00:02]} 39. Ke2 {[%emt 0:00:02]} Kf6 {[%emt 0:00:12]} 40. Kd3 {[%emt 0:00:03]} Ke6 {[%emt 0:00:03]} 41. Qg4+ {[%emt 0:00:03]} Kd5 {[%emt 0:00:03]} 42. Qf3+ {[%emt 0:00:02]} Kc5 {[%emt 0:00:02]} 43. Kc2 {[%emt 0:00:04]} Qxc6 {[%emt 0:00:07]} 44. Kd1 {[%emt 0:00:03]} Qxf3+ {[%emt 0:00:03]} 45. gxf3 {[%emt 0:00:01]} Kc4 {[%emt 0:00:02]} 46. Kc2 {[%emt 0:00:01]} a5 {[%emt 0:00:02]} 47. h4 {[%emt 0:00:01]} h6 {[%emt 0:00:02] SyWolf777 gibt auf (Lag: Av=0.43s, max=0.9s)} 0-1

[Event "448. Wednesday (05.08.2020)"]
[Site "Official B"]
[Date "2020.08.05"]
[Round "3"]
[White "Chessalex"]
[Black "Tobilino"]
[Result "1-0"]
[WhiteElo "1650"]
[BlackElo "1829"]
[Annotator "NA RC"]
[PlyCount "67"]
[EventDate "2020.08.05"]
[EventType "swiss (blitz)"]

1. e4 {[%emt 0:00:04]} Nf6 {[%emt 0:00:01]} 2. e5 {[%emt 0:00:02]} Nd5 {[%emt 0:00:01]} 3. d4 {[%emt 0:00:02]} d6 {[%emt 0:00:00]} 4. Nf3 {[%emt 0:00:02]} Bg4 {[%emt 0:00:02]} 5. Be2 {[%emt 0:00:02]} c6 {[%emt 0:00:02]} 6. O-O {[%emt 0:00:02]} Bxf3 {[%emt 0:00:16]} 7. Bxf3 {[%emt 0:00:02]} dxe5 {[%emt 0:00:01]} 8. dxe5 {[%emt 0:00:02]} e6 {[%emt 0:00:02]} 9. c4 {[%emt 0:00:02]} Ne7 {[%emt 0:00:02]} 10. Qxd8+ {[%emt 0:00:03]} Kxd8 {[%emt 0:00:01]} 11. a3 {[%emt 0:00:05]} Nd7 {[%emt 0:00:04]} 12. Bf4 {[%emt 0:00:05]} Ng6 {[%emt 0:00:02]} 13. Bg3 {[%emt 0:00:03]} Ndxe5 {[%emt 0:00:04]} 14. Rd1+ {[%emt 0:00:02]} Ke8 {[%emt 0:00:35]} 15. Be2 {[%emt 0:00:02]} Rd8 {[%emt 0:00:10]} 16. Nc3 {[%emt 0:00:01]} Be7 {[%emt 0:00:08]} 17. h4 {[%emt 0:00:05]} h5 {[%emt 0:00:25]} 18. Ne4 {[%emt 0:00:01]} f5 {[%emt 0:00:12]} 19. Rxd8+ {[%emt 0:00:04]} Kxd8 {[%emt 0:00:05]} 20. Rd1+ {[%emt 0:00:02]} Kc7 {[%emt 0:00:19]} 21. Ng5 {[%emt 0:00:17]} Bxg5 {[%emt 0:00:01]} 22. hxg5 {[%emt 0:00:02]} f4 {[%emt 0:00:08]} 23. Bh2 {[%emt 0:00:05]} h4 {[%emt 0:00:12]} 24. b3 {[%emt 0:00:04]} Rd8 {[%emt 0:00:02]} 25. Rxd8 {[%emt 0:00:05]} Kxd8 {[%emt 0:00:01]} 26. Bh5 {[%emt 0:00:02]} Ke7 {[%emt 0:00:01]} 27. g3 {[%emt 0:00:07]} hxg3 {[%emt 0:00:02]} 28. fxg3 {[%emt 0:00:01]} fxg3 {[%emt 0:00:02]} 29. Bxg3 {[%emt 0:00:02]} b6 {[%emt 0:00:33]} 30. Kf2 {[%emt 0:00:04]} Kd7 {[%emt 0:00:07]} 31. Ke3 {[%emt 0:00:01]} Ke7 {[%emt 0:00:35]} 32. Ke4 {[%emt 0:00:03]} Kd6 {[%emt 0:00:08]} 33. b4 {[%emt 0:00:02]} c5 {[%emt 0:00:03]} 34. Bxg6 {[%emt 0:00:06] Tobilino gibt auf (Lag: Av=0.95s, max=1.6s)} 1-0

[Event "448. Wednesday (05.08.2020)"]
[Site "Official B"]
[Date "2020.08.05"]
[Round "3"]
[White "Handgottes"]
[Black "Joroger"]
[Result "0-1"]
[WhiteElo "1605"]
[BlackElo "1839"]
[Annotator "NA RC"]
[PlyCount "72"]
[EventDate "2020.08.05"]
[EventType "swiss (blitz)"]

1. e4 {[%emt 0:00:03]} c5 {[%emt 0:00:01]} 2. d4 {[%emt 0:00:03]} cxd4 {[%emt 0:00:01]} 3. c3 {[%emt 0:00:02]} d3 {[%emt 0:00:01]} 4. c4 {[%emt 0:00:03]} d6 {[%emt 0:00:02]} 5. Bxd3 {[%emt 0:00:02]} g6 {[%emt 0:00:01]} 6. Nf3 {[%emt 0:00:02]} Bg7 {[%emt 0:00:00]} 7. Nc3 {[%emt 0:00:05]} Nf6 {[%emt 0:00:01]} 8. O-O {[%emt 0:00:04]} Nc6 {[%emt 0:00:00]} 9. Re1 {[%emt 0:00:13]} O-O {[%emt 0:00:01]} 10. Rb1 {[%emt 0:00:08]} a6 {[%emt 0:00:03]} 11. Nd5 {[%emt 0:00:04]} Bg4 {[%emt 0:00:09]} 12. h3 {[%emt 0:00:05]} Bxf3 {[%emt 0:00:01]} 13. Qxf3 {[%emt 0:00:03]} Ne5 {[%emt 0:00:02]} 14. Qe3 {[%emt 0:00:04]} Rc8 {[%emt 0:00:18]} 15. b3 {[%emt 0:00:06]} Nxd3 {[%emt 0:00:05]} 16. Qxd3 {[%emt 0:00:03]} Re8 {[%emt 0:00:03]} 17. Bg5 {[%emt 0:00:07]} Nxd5 {[%emt 0:00:27]} 18. exd5 {[%emt 0:00:05]} Kf8 {[%emt 0:00:13]} 19. Re2 {[%emt 0:00:02]} Qb6 {[%emt 0:00:22]} 20. Rbe1 {[%emt 0:00:04]} Rc7 {[%emt 0:00:01]} 21. Re4 {[%emt 0:00:07]} Rd7 {[%emt 0:00:13]} 22. Qe2 {[%emt 0:00:02]} Qc7 {[%emt 0:00:04]} 23. f4 {[%emt 0:00:05]} b5 {[%emt 0:00:12]} 24. g4 {[%emt 0:00:05]} bxc4 {[%emt 0:00:03]} 25. Rxc4 {[%emt 0:00:05]} Qa5 {[%emt 0:00:03]} 26. f5 {[%emt 0:00:15]} Qxd5 {[%emt 0:00:06]} 27. Rd1 {[%emt 0:00:07]} Qb5 {[%emt 0:00:09]} 28. Re1 {[%emt 0:00:17]} gxf5 {[%emt 0:00:04]} 29. gxf5 {[%emt 0:00:05]} Qxf5 {[%emt 0:00:01]} 30. h4 {[%emt 0:00:17]} h6 {[%emt 0:00:09]} 31. Rf4 {[%emt 0:00:05]} Qg6 {[%emt 0:00:01]} 32. Rxf7+ {[%emt 0:00:23]} Kxf7 {[%emt 0:00:11]} 33. Qc4+ {[%emt 0:00:04]} d5 {[%emt 0:00:17]} 34. Rf1+ {[%emt 0:00:06]} Kg8 {[%emt 0:00:06]} 35. Qf4 {[%emt 0:00:15]} hxg5 {[%emt 0:00:09]} 36. hxg5 {[%emt 0:00:06]} Rf8 {[%emt 0:00:01] Handgottes gibt auf (Lag: Av=1.44s, max=2.0s)} 0-1

[Event "448. Wednesday (05.08.2020)"]
[Site "Official B"]
[Date "2020.08.05"]
[Round "3"]
[White "Gaius Bonus"]
[Black "Pason2009"]
[Result "1/2-1/2"]
[WhiteElo "1601"]
[BlackElo "1945"]
[Annotator "NA RC"]
[PlyCount "85"]
[EventDate "2020.08.05"]
[EventType "swiss (blitz)"]

1. d4 {[%emt 0:00:02]} d5 {[%emt 0:00:04]} 2. Nc3 {[%emt 0:00:01]} Nf6 {[%emt 0:00:02]} 3. Nf3 {[%emt 0:00:02]} c6 {[%emt 0:00:08]} 4. Bf4 {[%emt 0:00:03]} e6 {[%emt 0:00:01]} 5. e3 {[%emt 0:00:01]} Bd6 {[%emt 0:00:01]} 6. Bxd6 {[%emt 0:00:03]} Qxd6 {[%emt 0:00:01]} 7. Ne5 {[%emt 0:00:00]} Nfd7 {[%emt 0:00:09]} 8. f4 {[%emt 0:00:01]} O-O {[%emt 0:00:07]} 9. Bd3 {[%emt 0:00:02]} f6 {[%emt 0:00:09]} 10. Ng4 {[%emt 0:00:22]} b6 {[%emt 0:00:09]} 11. O-O {[%emt 0:00:04]} Ba6 {[%emt 0:00:02]} 12. Qf3 {[%emt 0:00:06]} Bxd3 {[%emt 0:00:02]} 13. cxd3 {[%emt 0:00:03]} c5 {[%emt 0:00:06]} 14. Rae1 {[%emt 0:00:16]} Nc6 {[%emt 0:00:02]} 15. dxc5 {[%emt 0:00:04]} bxc5 {[%emt 0:00:02]} 16. Nb5 {[%emt 0:00:05]} Qb8 {[%emt 0:00:04]} 17. a4 {[%emt 0:00:18]} a6 {[%emt 0:00:03]} 18. Nc3 {[%emt 0:00:01]} Qxb2 {[%emt 0:00:03]} 19. Ne2 {[%emt 0:00:02]} Rab8 {[%emt 0:00:10]} 20. h4 {[%emt 0:00:03]} Qa3 {[%emt 0:00:07]} 21. Qg3 {[%emt 0:00:08]} Qxd3 {[%emt 0:00:07]} 22. h5 {[%emt 0:00:14]} Rb2 {[%emt 0:00:06]} 23. Nc1 {[%emt 0:00:09]} Qa3 {[%emt 0:00:08]} 24. f5 {[%emt 0:00:15]} exf5 {[%emt 0:00:09]} 25. Rxf5 {[%emt 0:00:03]} Nce5 {[%emt 0:00:03]} 26. h6 {[%emt 0:00:21]} g6 {[%emt 0:00:13]} 27. Rff1 {[%emt 0:00:09]} Nxg4 {[%emt 0:00:05]} 28. Qxg4 {[%emt 0:00:01]} Ne5 {[%emt 0:00:09]} 29. Qe6+ {[%emt 0:00:03]} Nf7 {[%emt 0:00:17]} 30. Qxd5 {[%emt 0:00:07]} Qc3 {[%emt 0:00:15]} 31. Qe6 {[%emt 0:00:32]} Qd2 {[%emt 0:00:04]} 32. Re2 {[%emt 0:00:06]} Qc3 {[%emt 0:00:08]} 33. Rxb2 {[%emt 0:00:01]} Qxb2 {[%emt 0:00:07]} 34. Nd3 {[%emt 0:00:02]} Qc3 {[%emt 0:00:09]} 35. Nf4 {[%emt 0:00:01]} Qe5 {[%emt 0:00:38]} 36. Qxa6 {[%emt 0:00:07]} Qxe3+ {[%emt 0:00:02]} 37. Kh1 {[%emt 0:00:00]} Qg3 {[%emt 0:00:04]} 38. Qxf6 {[%emt 0:00:19]} Nxh6 {[%emt 0:00:06]} 39. Qe6+ {[%emt 0:00:06]} Kh8 {[%emt 0:00:05]} 40. Qe5+ {[%emt 0:00:19]} Kg8 {[%emt 0:00:02]} 41. Qe6+ {[%emt 0:00:03]} Kg7 {[%emt 0:00:04]} 42. Qe5+ {[%emt 0:00:03]} Kg8 {[%emt 0:00:02]} 43. Qe6+ {[%emt 0:00:02] (Lag: Av=0.85s, max=1.4s)} 1/2-1/2

[Event "448. Wednesday (05.08.2020)"]
[Site "Official B"]
[Date "2020.08.05"]
[Round "3"]
[White "KDK"]
[Black "Vhêne"]
[Result "1-0"]
[WhiteElo "1587"]
[BlackElo "1473"]
[Annotator "NA RC"]
[PlyCount "133"]
[EventDate "2020.08.05"]
[EventType "swiss (blitz)"]

1. e4 {[%emt 0:00:01]} e6 {[%emt 0:00:02]} 2. e5 {[%emt 0:00:02]} d5 {[%emt 0:00:00]} 3. exd6 {[%emt 0:00:02]} Bxd6 {[%emt 0:00:03]} 4. d4 {[%emt 0:00:00]} Nf6 {[%emt 0:00:08]} 5. Bd3 {[%emt 0:00:02]} Nc6 {[%emt 0:00:06]} 6. c3 {[%emt 0:00:02]} O-O {[%emt 0:00:05]} 7. Bg5 {[%emt 0:00:01]} h6 {[%emt 0:00:07]} 8. Bh4 {[%emt 0:00:01]} e5 {[%emt 0:00:03]} 9. Nf3 {[%emt 0:00:14]} exd4 {[%emt 0:00:10]} 10. O-O {[%emt 0:00:08]} dxc3 {[%emt 0:00:03]} 11. Nxc3 {[%emt 0:00:02]} Bg4 {[%emt 0:00:06]} 12. Nd5 {[%emt 0:00:04]} Nd4 {[%emt 0:00:13]} 13. Nxf6+ {[%emt 0:00:22]} gxf6 {[%emt 0:00:03]} 14. Be2 {[%emt 0:00:02]} Nxe2+ {[%emt 0:00:05]} 15. Qxe2 {[%emt 0:00:02]} Re8 {[%emt 0:00:02]} 16. Qd2 {[%emt 0:00:34]} Bxf3 {[%emt 0:00:06]} 17. gxf3 {[%emt 0:00:01]} Bxh2+ {[%emt 0:00:04]} 18. Kxh2 {[%emt 0:00:04]} Qxd2 {[%emt 0:00:02]} 19. Rg1+ {[%emt 0:00:10]} Kh7 {[%emt 0:00:03]} 20. Rad1 {[%emt 0:00:17]} Qxb2 {[%emt 0:00:13]} 21. Rd7 {[%emt 0:00:02]} Rg8 {[%emt 0:00:09]} 22. Rxf7+ {[%emt 0:00:04]} Kh8 {[%emt 0:00:04]} 23. Bxf6+ {[%emt 0:00:01]} Qxf6 {[%emt 0:00:04]} 24. Rxf6 {[%emt 0:00:00]} Rxg1 {[%emt 0:00:02]} 25. Kxg1 {[%emt 0:00:03]} Kg7 {[%emt 0:00:01]} 26. Re6 {[%emt 0:00:02]} Rd8 {[%emt 0:00:03]} 27. Re7+ {[%emt 0:00:01]} Kf6 {[%emt 0:00:02]} 28. Rxc7 {[%emt 0:00:02]} Rd1+ {[%emt 0:00:01]} 29. Kg2 {[%emt 0:00:02]} Rb1 {[%emt 0:00:02]} 30. a4 {[%emt 0:00:04]} a5 {[%emt 0:00:02]} 31. Rc5 {[%emt 0:00:05]} b6 {[%emt 0:00:04]} 32. Rc6+ {[%emt 0:00:01]} Kf5 {[%emt 0:00:02]} 33. Kg3 {[%emt 0:00:01]} Rg1+ {[%emt 0:00:03]} 34. Kh2 {[%emt 0:00:02]} Rf1 {[%emt 0:00:06]} 35. Kg2 {[%emt 0:00:02]} Ra1 {[%emt 0:00:07]} 36. Rxb6 {[%emt 0:00:02]} Rxa4 {[%emt 0:00:02]} 37. Rxh6 {[%emt 0:00:01]} Kg5 {[%emt 0:00:01]} 38. Ra6 {[%emt 0:00:02]} Ra3 {[%emt 0:00:02]} 39. Kg3 {[%emt 0:00:02]} Ra4 {[%emt 0:00:02]} 40. Ra8 {[%emt 0:00:05]} Kf5 {[%emt 0:00:02]} 41. Rf8+ {[%emt 0:00:03]} Kg5 {[%emt 0:00:02]} 42. Rg8+ {[%emt 0:00:03]} Kf6 {[%emt 0:00:01]} 43. f4 {[%emt 0:00:09]} Ra3+ {[%emt 0:00:02]} 44. Kg4 {[%emt 0:00:02]} Ra1 {[%emt 0:00:04]} 45. Rf8+ {[%emt 0:00:02]} Kg7 {[%emt 0:00:01]} 46. Ra8 {[%emt 0:00:01]} Kg6 {[%emt 0:00:02]} 47. f5+ {[%emt 0:00:03]} Kf6 {[%emt 0:00:01]} 48. Rf8+ {[%emt 0:00:01]} Kg7 {[%emt 0:00:01]} 49. Ra8 {[%emt 0:00:02]} Kf6 {[%emt 0:00:02]} 50. f3 {[%emt 0:00:06]} Ra4+ {[%emt 0:00:02]} 51. f4 {[%emt 0:00:02]} Ra1 {[%emt 0:00:01]} 52. Ra6+ {[%emt 0:00:02]} Kf7 {[%emt 0:00:01]} 53. f6 {[%emt 0:00:02]} Rg1+ {[%emt 0:00:02]} 54. Kf5 {[%emt 0:00:01]} Ra1 {[%emt 0:00:04]} 55. Ra7+ {[%emt 0:00:03]} Kf8 {[%emt 0:00:02]} 56. f7 {[%emt 0:00:02]} Re1 {[%emt 0:00:11]} 57. Kf6 {[%emt 0:00:05]} Re8 {[%emt 0:00:16]} 58. fxe8=B {[%emt 0:00:08]} Kxe8 {[%emt 0:00:01]} 59. Rxa5 {[%emt 0:00:02]} Kd7 {[%emt 0:00:01]} 60. f5 {[%emt 0:00:03]} Kc6 {[%emt 0:00:01]} 61. Ra7 {[%emt 0:00:02]} Kd6 {[%emt 0:00:03]} 62. Rh7 {[%emt 0:00:01]} Kd5 {[%emt 0:00:04]} 63. Ke7 {[%emt 0:00:01]} Ke5 {[%emt 0:00:02]} 64. f6 {[%emt 0:00:00]} Kf5 {[%emt 0:00:01]} 65. f7 {[%emt 0:00:00]} Kg6 {[%emt 0:00:01]} 66. Rh8 {[%emt 0:00:05]} Kg5 {[%emt 0:00:03]} 67. f8=Q {[%emt 0:00:04] Vhêne abandonne (Lag: Av=0.51s, max=0.9s)} 1-0

[Event "448. Wednesday (05.08.2020)"]
[Site "Official B"]
[Date "2020.08.05"]
[Round "3"]
[White "Dagobert52"]
[Black "Serrano2003"]
[Result "1-0"]
[WhiteElo "1558"]
[BlackElo "1382"]
[Annotator "NA RC"]
[PlyCount "51"]
[EventDate "2020.08.05"]
[EventType "swiss (blitz)"]

1. e4 {[%emt 0:00:02]} e6 {[%emt 0:00:01]} 2. d4 {[%emt 0:00:02]} d5 {[%emt 0:00:01]} 3. Nc3 {[%emt 0:00:02]} dxe4 {[%emt 0:00:02]} 4. Nxe4 {[%emt 0:00:01]} Nf6 {[%emt 0:00:01]} 5. Bg5 {[%emt 0:00:02]} Be7 {[%emt 0:00:02]} 6. Ng3 {[%emt 0:00:16]} O-O {[%emt 0:00:04]} 7. Nf3 {[%emt 0:00:04]} h6 {[%emt 0:00:02]} 8. Be3 {[%emt 0:00:02]} Ng4 {[%emt 0:00:02]} 9. Bd3 {[%emt 0:00:04]} Nxe3 {[%emt 0:00:02]} 10. fxe3 {[%emt 0:00:01]} Bg5 {[%emt 0:00:01]} 11. Qe2 {[%emt 0:00:13]} Nc6 {[%emt 0:00:06]} 12. c3 {[%emt 0:00:03]} Bf6 {[%emt 0:00:02]} 13. Ne4 {[%emt 0:00:03]} Be7 {[%emt 0:00:02]} 14. O-O {[%emt 0:00:05]} f5 {[%emt 0:00:03]} 15. Ned2 {[%emt 0:00:11]} Bd7 {[%emt 0:00:02]} 16. e4 {[%emt 0:00:05]} fxe4 {[%emt 0:00:02]} 17. Nxe4 {[%emt 0:00:02]} Bd6 {[%emt 0:00:04]} 18. Nxd6 {[%emt 0:00:02]} cxd6 {[%emt 0:00:02]} 19. Qe4 {[%emt 0:00:02]} Kf7 {[%emt 0:00:03]} 20. Ng5+ {[%emt 0:00:14]} Ke7 {[%emt 0:00:07]} 21. Qg6 {[%emt 0:00:10]} Qe8 {[%emt 0:00:08]} 22. Qxg7+ {[%emt 0:00:08]} Kd8 {[%emt 0:00:06]} 23. Bg6 {[%emt 0:00:09]} Qe7 {[%emt 0:00:09]} 24. Rxf8+ {[%emt 0:00:04]} Kc7 {[%emt 0:00:05]} 25. Qxe7 {[%emt 0:00:01]} Nxe7 {[%emt 0:00:02]} 26. Rxa8 {[%emt 0:00:02] Serrano2003 rinde (Lag: Av=0.86s, max=1.0s)} 1-0

[Event "448. Wednesday (05.08.2020)"]
[Site "Official B"]
[Date "2020.08.05"]
[Round "3"]
[White "möwe"]
[Black "Königsinder"]
[Result "0-1"]
[WhiteElo "1538"]
[BlackElo "1634"]
[Annotator "NA"]
[PlyCount "80"]
[EventDate "2020.08.05"]
[EventType "swiss (blitz)"]
[BlackTeam "SF Barsinghausen"]

{- Serreck, Uwe (1889)} 1. e4 {[%emt 0:00:07]} g6 {[%emt 0:00:03]} 2. d4 {[%emt 0:00:02]} Bg7 {[%emt 0:00:01]} 3. Nf3 {[%emt 0:00:01]} d6 {[%emt 0:00:01]} 4. Bc4 {[%emt 0:00:02]} e6 {[%emt 0:00:02]} 5. O-O {[%emt 0:00:07]} a6 {[%emt 0:00:01]} 6. Bg5 {[%emt 0:00:04]} Ne7 {[%emt 0:00:03]} 7. Nc3 {[%emt 0:00:08]} b5 {[%emt 0:00:08]} 8. Bb3 {[%emt 0:00:03]} Nd7 {[%emt 0:00:06]} 9. d5 {[%emt 0:00:09]} e5 {[%emt 0:00:13]} 10. Ne2 {[%emt 0:00:19]} O-O {[%emt 0:00:24]} 11. c4 {[%emt 0:00:02]} bxc4 {[%emt 0:00:10]} 12. Bxc4 {[%emt 0:00:02]} h6 {[%emt 0:00:15]} 13. Be3 {[%emt 0:00:03]} Rb8 {[%emt 0:01:01]} 14. b3 {[%emt 0:00:06]} f5 {[%emt 0:00:08]} 15. exf5 {[%emt 0:00:05]} Nxf5 {[%emt 0:00:02]} 16. Bd2 {[%emt 0:00:16]} Nc5 {[%emt 0:00:17]} 17. Bc3 {[%emt 0:00:06]} Ne4 {[%emt 0:00:12]} 18. Bb2 {[%emt 0:00:30]} a5 {[%emt 0:00:12]} 19. Nc3 {[%emt 0:00:06]} Nxc3 {[%emt 0:00:04]} 20. Bxc3 {[%emt 0:00:01]} Nh4 {[%emt 0:00:22]} 21. Nxh4 {[%emt 0:00:18]} Qxh4 {[%emt 0:00:03]} 22. Bxa5 {[%emt 0:00:20]} e4 {[%emt 0:00:02]} 23. Rc1 {[%emt 0:00:06]} Bg4 {[%emt 0:00:12]} 24. Be2 {[%emt 0:00:32]} Bxe2 {[%emt 0:00:05]} 25. Qxe2 {[%emt 0:00:02]} Be5 {[%emt 0:00:05]} 26. g3 {[%emt 0:00:02]} Qh3 {[%emt 0:00:05]} 27. Qxe4 {[%emt 0:00:06]} Rf5 {[%emt 0:00:08]} 28. Rxc7 {[%emt 0:00:12]} Rbf8 {[%emt 0:00:03]} 29. Rc2 {[%emt 0:00:17]} h5 {[%emt 0:00:04]} 30. Qg2 {[%emt 0:00:05]} Qg4 {[%emt 0:00:02]} 31. Bc3 {[%emt 0:00:13]} h4 {[%emt 0:00:02]} 32. Bxe5 {[%emt 0:00:05]} Rxe5 {[%emt 0:00:01]} 33. Rc4 {[%emt 0:00:04]} Qe2 {[%emt 0:00:04]} 34. Rxh4 {[%emt 0:00:06]} Qxa2 {[%emt 0:00:05]} 35. Rg4 {[%emt 0:00:03]} Kh7 {[%emt 0:00:03]} 36. Qh3+ {[%emt 0:00:01]} Kg7 {[%emt 0:00:02]} 37. Rh4 {[%emt 0:00:02]} Rh5 {[%emt 0:00:03]} 38. Rxh5 {[%emt 0:00:02]} gxh5 {[%emt 0:00:02]} 39. Qd7+ {[%emt 0:00:01]} Rf7 {[%emt 0:00:02]} 40. Qxd6 {[%emt 0:00:01]} Qxb3 {[%emt 0:00:03] Zeit (Lag: Av=1.08s, max=1.9s)} 0-1

[Event "448. Wednesday (05.08.2020)"]
[Site "Official B"]
[Date "2020.08.05"]
[Round "3"]
[White "Minimaxi0708"]
[Black "Alexmil2020"]
[Result "1-0"]
[WhiteElo "1523"]
[BlackElo "1413"]
[Annotator "NA RC"]
[PlyCount "71"]
[EventDate "2020.08.05"]
[EventType "swiss (blitz)"]

{- Milgevsky, Alexander} 1. d4 {[%emt 0:00:03]} d5 {[%emt 0:00:01]} 2. c4 {[%emt 0:00:01]} e6 {[%emt 0:00:21]} 3. Nc3 {[%emt 0:00:03]} Nf6 {[%emt 0:00:01]} 4. Bg5 {[%emt 0:00:01]} Bb4 {[%emt 0:00:01]} 5. e3 {[%emt 0:00:03]} h6 {[%emt 0:00:01]} 6. Bh4 {[%emt 0:00:02]} g5 {[%emt 0:00:01]} 7. Bg3 {[%emt 0:00:01]} Ne4 {[%emt 0:00:01]} 8. Rc1 {[%emt 0:00:20]} Nxc3 {[%emt 0:00:39]} 9. bxc3 {[%emt 0:00:02]} Ba3 {[%emt 0:00:02]} 10. Rb1 {[%emt 0:00:02]} Bd7 {[%emt 0:00:06]} 11. Qb3 {[%emt 0:00:08]} Bd6 {[%emt 0:00:12]} 12. Qxb7 {[%emt 0:00:08]} Bc6 {[%emt 0:00:02]} 13. Qb3 {[%emt 0:00:05]} Bxg3 {[%emt 0:00:01]} 14. fxg3 {[%emt 0:00:05]} O-O {[%emt 0:00:05]} 15. Nf3 {[%emt 0:00:09]} dxc4 {[%emt 0:00:04]} 16. Bxc4 {[%emt 0:00:02]} Bd5 {[%emt 0:00:08]} 17. Bxd5 {[%emt 0:00:06]} exd5 {[%emt 0:00:01]} 18. O-O {[%emt 0:00:08]} a5 {[%emt 0:00:08]} 19. Qb7 {[%emt 0:00:06]} Nd7 {[%emt 0:00:32]} 20. Qxd5 {[%emt 0:00:03]} Nb6 {[%emt 0:00:04]} 21. Qxd8 {[%emt 0:00:03]} Raxd8 {[%emt 0:00:01]} 22. Ne5 {[%emt 0:00:05]} f6 {[%emt 0:00:01]} 23. Nc6 {[%emt 0:00:06]} Rd6 {[%emt 0:00:03]} 24. Nxa5 {[%emt 0:00:03]} f5 {[%emt 0:00:04]} 25. c4 {[%emt 0:00:02]} Re6 {[%emt 0:00:50]} 26. Rfe1 {[%emt 0:00:32]} Re4 {[%emt 0:00:35]} 27. c5 {[%emt 0:00:16]} Nd5 {[%emt 0:00:03]} 28. Nc4 {[%emt 0:00:02]} Rfe8 {[%emt 0:00:02]} 29. Kf2 {[%emt 0:00:06]} f4 {[%emt 0:00:08]} 30. gxf4 {[%emt 0:00:05]} gxf4 {[%emt 0:00:02]} 31. exf4 {[%emt 0:00:06]} Rxf4+ {[%emt 0:00:01]} 32. Kg3 {[%emt 0:00:10]} Ref8 {[%emt 0:00:11]} 33. Ne5 {[%emt 0:00:11]} h5 {[%emt 0:00:08]} 34. h3 {[%emt 0:00:10]} Rxd4 {[%emt 0:00:07]} 35. Rbd1 {[%emt 0:00:08]} Rxd1 {[%emt 0:00:13]} 36. Rxd1 {[%emt 0:00:00] Время (Lag: Av=0.46s, max=1.1s)} 1-0